书目信息 |
| 题名: |
科学人谈美和文化
|
|
| 作者: | 吴全德 著 | |
| 分册: | ||
| 出版信息: | 北京 清华大学出版社 2006 |
|
| 页数: | 242页 | |
| 开本: | 21cm | |
| 丛书名: | 走进科学殿堂 | |
| 单 册: | ||
| 中图分类: | B832.1 | |
| 科图分类: | ||
| 主题词: | 科学美学--研究 , 科学美学 | |
| 电子资源: | ||
| ISBN: | 7-302-13848-6 | |
| 000 | 00868oam2 2200253 450 | |
| 001 | 1529966558 | |
| 005 | 20150117082001.04 | |
| 010 | @a7-302-13848-6@dCNY30.00 | |
| 100 | @a20060124d2006 em y0chiy50 ea | |
| 101 | 0 | @achi |
| 102 | @aCN@b110000 | |
| 105 | @aa z 000yy | |
| 200 | 1 | @a科学人谈美和文化@9ke xue ren tan mei he wen hua@f吴全德著 |
| 210 | @a北京@c清华大学出版社@d2006 | |
| 215 | @a242页@c图@d21cm | |
| 225 | 2 | @a走进科学殿堂 |
| 330 | @a本书收录了吴全德院士多篇论美和审美的文章,讲述了一个科学人发现美、探究美的历程。作者从自相似、比例、对称等美学要素出发,在科学和艺术的诸多领域中探索科学与美学的对立与统一、共融与共生。 | |
| 461 | 0 | @12001 @a走进科学殿堂 |
| 606 | 0 | @a科学美学@x研究 |
| 606 | 0 | @a科学美学 |
| 690 | @aB832.1@v4 | |
| 701 | 0 | @a吴全德@9wu quan de@f(1923.12~)@4著 |
| 801 | 0 | @aCN@b91MARC@c20101222 |
| 905 | @aZUCC@dB832.1@eJY1 | |
| 科学人谈美和文化/吴全德著.-北京:清华大学出版社,2006 |
| 242页:图;21cm.-(走进科学殿堂) |
| ISBN 7-302-13848-6:CNY30.00 |
| 本书收录了吴全德院士多篇论美和审美的文章,讲述了一个科学人发现美、探究美的历程。作者从自相似、比例、对称等美学要素出发,在科学和艺术的诸多领域中探索科学与美学的对立与统一、共融与共生。 |
| ● |
| 相关链接 |
|
|
|
|
正题名:科学人谈美和文化
索取号:B832.1/JY1
 
预约/预借
| 序号 | 登录号 | 条形码 | 馆藏地/架位号 | 状态 | 备注 |
| 1 | 7851789 | 278517892 | 学院路分馆/ [索取号:B832.1/JY1] | 在馆 | |
| 2 | 7851790 | 278517909 | 学院路分馆/ [索取号:B832.1/JY1] | 在馆 |